Význam a postavenie poznatkovo-intenzívnych služieb v krízovom období v ekonomike EÚ a SR
Prínos poznatkovo-intenzívnych služieb z hľadiska výkonových ukazovateľov v ekonomike EÚ a v rámci nej v SR, ich vývoj a dynamika rastu v predkrízovom období a predovšetkým analýza ich významu a cyklického správania sa v období krízy
Guardado en:
| Autor principal: | |
|---|---|
| Formato: | Capítulo de libro |
| Lenguaje: | eslovaco |
| Materias: | |
| Etiquetas: |
Sin Etiquetas, Sea el primero en etiquetar este registro!
|
MARC
| LEADER | 00000nla a2200000 4500 | ||
|---|---|---|---|
| 001 | 0175005 | ||
| 005 | 20240502073002.0 | ||
| 041 | 0 | |a slo | |
| 044 | |a SK | ||
| 245 | 1 | 0 | |a Význam a postavenie poznatkovo-intenzívnych služieb v krízovom období v ekonomike EÚ a SR |c Dana Benešová |
| 520 | |a Prínos poznatkovo-intenzívnych služieb z hľadiska výkonových ukazovateľov v ekonomike EÚ a v rámci nej v SR, ich vývoj a dynamika rastu v predkrízovom období a predovšetkým analýza ich významu a cyklického správania sa v období krízy | ||
| 610 | 2 | 0 | |a služby poznatkovo intenzívne |
| 610 | 2 | 0 | |a kríza |
| 610 | 2 | 0 | |a vedomosti |
| 610 | 2 | 0 | |a inovácia |
| 610 | 2 | 0 | |a zamestnanosť |
| 610 | 2 | 0 | |a hodnota pridaná |
| 610 | 2 | 0 | |a ekonomika vedomostná |
| 610 | 2 | 0 | |a ekonomika znalostná |
| 610 | 2 | 0 | |a Európska únia |
| 610 | 2 | 0 | |a Slovensko |
| 100 | 1 | |a Benešová, Dana, 1958- | |